Around the world in 80 musical instruments / (Record no. 47910)
| 000 -LEADER | |
|---|---|
| fixed length control field | 00382nam a2200121 4500 |
| 020 ## - INTERNATIONAL STANDARD BOOK NUMBER | |
| International Standard Book Number | 9781913519353 |
| 100 ## - MAIN ENTRY--PERSONAL NAME | |
| Personal name | Dickmann, Nancy |
| 9 (RLIN) | 85720 |
| 245 ## - TITLE STATEMENT | |
| Title | Around the world in 80 musical instruments / |
| Statement of responsibility, etc | Nancy Dickmann & Sue Downing |
| 260 ## - PUBLICATION, DISTRIBUTION, ETC. (IMPRINT) | |
| Place of publication, distribution, etc | London |
| Name of publisher, distributor, etc | Welbeck Publishing |
| Date of publication, distribution, etc | 2022 |
| 300 ## - PHYSICAL DESCRIPTION | |
| Extent | 72 p. |
| Other physical details | col. ill. |
| Dimensions | 29 cm. |
| 650 ## - SUBJECT ADDED ENTRY--TOPICAL TERM | |
| Topical term or geographic name as entry element | Music |
| Form subdivision | Juvenile Literature |
| 9 (RLIN) | 85721 |
| 942 ## - ADDED ENTRY ELEMENTS (KOHA) | |
| Source of classification or shelving scheme | |
| Koha item type | Book |
| Withdrawn status | Lost status | Source of classification or shelving scheme | Damaged status | Not for loan | Collection code | Home library | Current library | Shelving location | Date acquired | Total Checkouts | Full call number | Barcode | Checked out | Date last seen | Date checked out | Price effective from | Koha item type |
|---|---|---|---|---|---|---|---|---|---|---|---|---|---|---|---|---|---|
| TEACHERS' RESOURCES | Asian Hope Primary Library | Asian Hope Primary Library | Non Fiction | 11/21/2024 | 1 | 784.19 DIC | 207128 | 04/30/2026 | 04/23/2026 | 04/23/2026 | 11/21/2024 | Book |